Central Library OPAC University of Rajshahi

Canning and preservation of fruits and vegetables/ (Record no. 54112)

MARC details
000 -LEADER
fixed length control field 00664nam a2200229 4500
001 - CONTROL NUMBER
control field 54112
003 - CONTROL NUMBER IDENTIFIER
rucl marc code BD-RjUL
005 - DATE AND TIME OF LATEST TRANSACTION
control field 20211209080056.0
008 - FIXED-LENGTH DATA ELEMENTS--GENERAL INFORMATION
fixed length control field 161102s1976 ii ||||| |||| 00| 0 eng d
020 ## - INTERNATIONAL STANDARD BOOK NUMBER
International Standard Book Number 8185480168
035 ## - SYSTEM CONTROL NUMBER
System control number (BD-RjUL)54234
040 ## - CATALOGING SOURCE
Original cataloging agency BD-RjUL
Language of cataloging ENG
Transcribing agency BD-RjUL
041 ## - LANGUAGE CODE
Language code of text/sound track or separate title ENG
082 ## - DEWEY DECIMAL CLASSIFICATION NUMBER
Edition number 23
Classification number 338.4754
Author mark and year BHC 1976
100 ## - MAIN ENTRY--PERSONAL NAME
Personal name Bhatia, S. C .
9 (RLIN) 161557
245 ## - TITLE STATEMENT
Title Canning and preservation of fruits and vegetables/
Statement of responsibility, etc. S. C . Bhatia
260 ## - PUBLICATION, DISTRIBUTION, ETC. (IMPRINT)
Place of publication, distribution, etc. Delhi :
Name of publisher, distributor, etc. Small Industry Research Institute,
Date of publication, distribution, etc. 1976.
300 ## - PHYSICAL DESCRIPTION
Pagination 209p.:
Illustrations ill.;
Size 23cm.
505 ## - FORMATTED CONTENTS NOTE
Formatted contents note Appendix-vii
650 ## - SUBJECT ADDED ENTRY--TOPICAL TERM
Source of heading or term Canned foods industry
Topical term or geographic name as entry element India
9 (RLIN) 161558
942 ## - ADDED ENTRY ELEMENTS (KOHA)
Source of classification or shelving scheme Dewey Decimal Classification
Koha item type Books
Holdings
Lost status Source of classification or shelving scheme Damaged status Not for loan Permanent Location Current Location Shelving location Date acquired Source of acquisition Cost, normal purchase price Total Checkouts Full call number Date last seen Copy number Koha item type
  Dewey Decimal Classification   Not For Loan Institute of Biological Sciences (IBSc) Library Institute of Biological Sciences (IBSc) Library Institute Library 20/11/2016 karim Int. 2975.00   338.4754 BHC 1976 02/11/2016 c-1 Books